| 000 | 00483nam a2200157 i 4500 | ||
|---|---|---|---|
| 001 | 96279 | ||
| 003 | ES-MaACL | ||
| 005 | 20230906181900.0 | ||
| 007 | t| | ||
| 008 | 050615s1972 sp ||||1| spa d | ||
| 100 | 1 |
_aMagariños, Alfonso. _975451 |
|
| 245 | 1 | 0 |
_aSacerdotes de ayer _b: notas históricas para la religión de hoy / _cAlfonso Magariños. |
| 260 |
_aMadrid : _bPropaganda Popular Católica, _c1972. |
||
| 300 |
_a254 p. ; _c19 cm. |
||
| 852 |
_aES-MaACL _jC-51353 _bR.84008 |
||
| 999 |
_c96279 _d96279 |
||